Statistiques concernant Personnages Disney Pixar

Cliquez ici pour prendre le quiz!

Statistiques générales

  • Ce quiz a été pris 121 fois
  • Le résultat moyen est 131 sur 304

Statistiques - réponses

FilmsPersonnages% Correct
Blanche Neige et les sept nainsBlanche Neige
98%
DumboDumbo
96%
La Belle et la BêteBelle
95%
Alice au pays des merveillesAlice
94%
BambiBambi
94%
CendrillonCendrillon
94%
PinocchioPinocchio
94%
Peter PanPeter Pan
93%
Anna
92%
Robin des BoisRobin
90%
Le Roi LionSimba
90%
Jasmine
89%
Lilo & StitchLilo
89%
Merlin l'EnchanteurMerlin
89%
Stitch
89%
AladdinAladdin
88%
La petite sirèneAriel
88%
La belle au bois dormantAurore
88%
Les aventures de Winnie l'OursonWinnie
88%
Grincheux
87%
Vice-VersaJoie
87%
Le monde de NémoNémo
87%
Les aventures de Bernard et BiancaBernard
86%
Bianca
86%
Prof
86%
Dory
85%
HerculeHercule
85%
MulanMulan
85%
RaiponceRaiponce
85%
Simplet
85%
Vaiana, la légende du bout du mondeVaiana
85%
Atchoum
83%
Le livre de la jungleMowgli
83%
Nala
83%
Scar
83%
Baloo
82%
Panpan
82%
Rox et RoukyRox
82%
TarzanTarzan
82%
Volt, Star malgré luiVolt
82%
Toy StoryWoody
82%
Rouky
81%
Bête
80%
Clochard
80%
Colère
80%
Dormeur
80%
La Reine des NeigesElsa
80%
RatatouilleRémy
80%
Wendy
80%
Kuzco, l'Empereur mégaloKuzco
79%
Ray
79%
Buzz l'Eclair
77%
Oliver et CompagnieOliver
77%
PocahontasPocahontas
77%
Porcinet
77%
La princesse et la grenouilleTiana
77%
Gepetto
76%
Peur
76%
Polochon
76%
Tristesse
76%
Olaf
75%
Coco
74%
Cruella
74%
Javotte
74%
Monstres & CieBob
73%
Gus
73%
LucaLuca
73%
Sebastien
73%
Ursula
73%
Wall-EWall-E
73%
Arthur
71%
Marie
71%
Anastasie
70%
Dégoût
70%
Eric
70%
Jafar
70%
Mufasa
70%
Le Bossu de Notre-DameQuasimodo
70%
Les Mondes de RalphRalph
70%
Tigrou
70%
Esmeralda
69%
Joyeux
69%
Capitaine Crochet
68%
RebelleMerida
68%
Sven
68%
Timide
68%
Timon
68%
Maléfique
67%
Raya et le dernier dragonRaya
67%
Bourriquet
65%
Duchesse
65%
La Belle et le ClochardLady
65%
Jane
64%
Jean
64%
Lumière
64%
Berlioz
62%
Fleur
61%
Martin
61%
Flynn
60%
Hades
60%
Toulouse
60%
Abu
58%
Génie
58%
Sulli
58%
Gaston
57%
Kristoff
57%
Les 101 DalmatiensPongo
57%
Zigzag
57%
Big Ben
55%
La planète au trésorJim
55%
Fée Clochette
54%
Marin
54%
Pascal
54%
Chapelier Fou
52%
Eve
52%
Riley
52%
Ed
51%
Lucifer
51%
Michel
51%
Rex
51%
Vanelloppe
51%
Bagheera
50%
Hans
49%
Lapin blanc
49%
Mouche
49%
Reine de coeur
49%
Violette
49%
Andy
46%
John Smith
46%
Kaa
46%
Megara
46%
Mère Gothel
46%
CocoMiguel
46%
Petit Jean
46%
Zeus
46%
Jack Jack
45%
Mushu
45%
Zazu
45%
Marianne
44%
Boo
43%
Coco Lapin
43%
Iago
43%
Monsieur Patate
43%
Perdita
43%
Philippe
43%
Pumbaa
43%
Zip
43%
Flèche
42%
ZootopieJudy
42%
Ling
42%
Pimprenelle
42%
Frollo
40%
ÉlémentaireFlam
39%
Koda
39%
Le Fou
39%
Linguini
39%
Maui
39%
Rafiki
39%
La Bergère
38%
La fée bleue
38%
Louis
38%
Naveen
38%
Roi Triton
38%
Flora
37%
Encanto, la fantastique famille MadrigalMirabel
37%
Shere Khan
37%
Edgar
36%
Maximus
36%
Nick
36%
Petit Gourou
36%
Bruno
35%
Elastigirl
35%
Les AristochatsO'Malley
35%
Sultan
35%
Méchante reine
33%
Jiminy Cricket
32%
Shang
32%
Jean-Christophe
31%
Meeko
30%
Pégase
30%
Jaq
29%
Maître Hibou
29%
Maurice
29%
Panique
29%
Timothée
29%
Colette
27%
Eurêka
27%
Phoebus
27%
Prince Jean
27%
Hector
26%
Mme Samovar
26%
Bing Bong
25%
Frozone
25%
Nani
25%
Pâquerette
25%
Yzma
25%
Léon
24%
Madame de Trémaine
24%
Peine
24%
Penny
24%
Les Nouveaux HérosBaymax
23%
Isabela
23%
Charlotte
21%
Hiro
21%
Jasper
21%
Pua
21%
Roger
21%
Héra
20%
Roquefort
20%
Russell
20%
Sarabi
20%
Anita
19%
Bayonne
19%
Dr Facilier
19%
Hey Hey
19%
Lièvre de Mars
19%
Medusa
19%
Ratcliffe
19%
Shenzi
19%
Tefiti
19%
Clayton
18%
Grand Gourou
18%
Grand-mère feuillage
18%
Luisa
18%
Syndrome
18%
Felix
17%
Flit
17%
Horace
17%
Lili la tigresse
17%
Atlantide l'Empire PerduMilo
17%
Roi Louie
17%
Tamatoa
17%
Banzai
15%
Ernesto de la Cruz
15%
Frère des OursKenai
15%
David
14%
Philoctète
14%
Teka
14%
Alberto
13%
Mama Odie
13%
Pacha
13%
Abuela
12%
Dolores
12%
Flack
12%
CarsFlash McQuenn
12%
En AvantIan
12%
Mittaine
12%
Les indestructiblesMonsieur Indestructibles
12%
Roublard
12%
Shan Yu
12%
Antonio
11%
Elinor
11%
Kala
11%
Muche
11%
Pepa
11%
Cobra Bubbles
10%
Criquet
10%
Jumba
10%
Madame Mime
10%
Roi Stéphane
10%
Sisu
10%
Truc
10%
Yao
10%
Chef Bogo
8%
Giulia
8%
Julieta
8%
Kida
8%
Marraine fée
8%
Namaari
8%
Tok
8%
Barley
7%
Chien Po
7%
Sitka
7%
Tala
7%
Triste Sire
7%
Tuk Tuk
7%
Monsieur Loyal
6%
Tadashi
6%
Camilo
5%
Fergus
5%
Krunk
5%
Pikly
5%
Rhino
5%
Tweedle Dee
5%
Tweedle Dum
5%
Audrey
4%
Bellwether
4%
Boun
4%
La-HautCarl Fredricksen
4%
Chat du Chester
4%
La taupe
4%
Benja
2%
Enzo
2%
Gentil
2%
Helga
2%
Jennifer
2%
John Silver
2%
Noi
2%
Oaken
2%
Tong
2%
Charles Muntz
1%
Rourke
1%
Yokai
1%

Distribution des résultats

Percentile par nombre de réponses

% des personnes avec chaque résultat

Votre développement - résultats

Vous n’avez pas pris ce quiz